000 00926aam a2200313 i 4500
001 768714001
003 CO-MdFUSB
005 20260119120429.0
007 ta
008 210911t1949 sp ||||| |||| 00| 0 spa d
040 _bspa.
_aCO-MdFUSB
_cCO-MdFUSB
_dCO-MdFUSBC
_erda
041 _aspa
082 0 4 _223
_a492.1
_bR6961d
100 1 _aRodríguez, Segundo Miguel
_eautor
245 1 0 _aDiccionario manual hebreo-español y arameo-bíblico-español
_c/ Segundo Miguel Rodríguez
250 _asegunda edición
264 1 _aMadrid, España :
_bEl perpetuo socorro,
_c[1949]
264 4 _c©1949
300 _a100 páginas
_c; 26 cm
336 _2rdacontent
_atexto
_btxt
337 _2rdamedia
_asin mediación
_bn
338 _2rdacarrier
_avolumen
_bnc
563 _aRústico
653 _aDiccionario manual
653 _aHebreo-Español
653 _aArameo-Bíblico español
942 _cBK
945 _aJTF-925
999 _c31897
_d31897